• 首页
  • 本馆介绍
  • 公告通知
  • 最新文献
  • 馆藏检索
  • 电子资源
  • 读者导购
  • 参考咨询
  • 我的图书馆
  • 登录
  • 详细信息显示
  • 放入我的书架
  • 预约/预借图书
  • 作者相关作品
  • 分类相关作品
  • 丛书相关作品
  • 出版社相关作品

书目信息

  • 表格格式
  • 工作单格式
  • 卡片格式
题名:
农产品物流
    
 
作者: 梁智慧 , 路志成 主编
分册:  
出版信息: 北京   中国农业出版社  2017.08
页数: 151页
开本: 26cm
丛书名:
单 册:
中图分类: F724.72
科图分类:
主题词: 农产品--物流--中国--技术培训--教材
电子资源:
ISBN: 978-7-109-23024-8
000 00963nam0 2200241 450
001 1193
005 20180927152008.12
010    @a978-7-109-23024-8@dCNY30.50
100    @a20171116d2017 em y0chiy50 ea
101 0  @achi
102    @aCN@b110000
105    @aa z 000yy
200 1  @a农产品物流@9nong chan pin wu liu@f梁智慧,路志成主编
210    @a北京@c中国农业出版社@d2017.08
215    @a151页@c图@d26cm
300    @a新型职业农民示范培训教材/郑福辉总主编
330    @a本书共六个单元,十五个项目,包括农产品物流概述、农产品物流的基本功能、农产品物流系统、蔬果农产品物流运作模式、农超对接的理论与实践、农产品物流发展趋势。每个项目都设有案例导入,通过对案例的讨论引出教学内容,每个单元后配有能力提升的练习与实践题,方便学生使用。
606 0  @a农产品@x物流@y中国@x技术培训@j教材
690    @aF724.72@v5
701  0 @a梁智慧@9liang zhi hui@4主编
701  0 @a路志成@9lu zhi cheng@4主编
801  0 @aCN@b91MARC@c20171116
905    @aMuseLib@dF724.72@e110
    
    农产品物流/梁智慧,路志成主编.-北京:中国农业出版社,2017.08
    151页:图;26cm
    新型职业农民示范培训教材/郑福辉总主编
    
    ISBN 978-7-109-23024-8:CNY30.50
    本书共六个单元,十五个项目,包括农产品物流概述、农产品物流的基本功能、农产品物流系统、蔬果农产品物流运作模式、农超对接的理论与实践、农产品物流发展趋势。每个项目都设有案例导入,通过对案例的讨论引出教学内容,每个单元后配有能力提升的练习与实践题,方便学生使用。
●
相关链接 在E读中查询图书 在五车中查询图书 在当当中查询图书 在豆瓣中查询图书


正题名:农产品物流     索取号:F724.72/110         预约/预借

序号 登录号 条形码 馆藏地/架位号 状态 备注
1 1121619   211216192   第一样本阅览室/ [索取号:F724.72/110] 在馆    
2 1121620   211216209   第一借阅区/ [索取号:F724.72/110] 在馆    
3 1121621   211216218   第一借阅区/ [索取号:F724.72/110] 在馆    
4 1121622   211216227   第一借阅区/ [索取号:F724.72/110] 在馆    
5 1121623   211216236   第一借阅区/ [索取号:F724.72/110] 在馆    
唐山师范学院图书馆 欢迎您!
大连网信软件有限公司© 版权所有